Supply chain management work / (Record no. 750224)

MARC details
000 -LEADER
fixed length control field 00352nam a2200133 4500
020 ## - INTERNATIONAL STANDARD BOOK NUMBER
ISBN 9789360615901
082 ## - DEWEY DECIMAL CLASSIFICATION NUMBER
Classification number 658.567Su BER/S
084 ## - OTHER CLASSIFICATION NUMBER
Source of Number Colon Classification
100 ## - MAIN ENTRY--AUTHOR NAME
Personal name Berry, Mary
245 ## - TITLE STATEMENT
Title Supply chain management work /
Statement of responsibility, etc Mary Berry
260 ## - PUBLICATION, DISTRIBUTION, ETC. (IMPRINT)
Place of publication New Delhi :
Name of publisher Pinakin Publishing,
Year of publication 2025.
300 ## - PHYSICAL DESCRIPTION
Number of Pages 296p.:
942 ## - ADDED ENTRY ELEMENTS (KOHA)
Source of classification or shelving scheme Dewey Decimal Classification
Koha item type Book
Holdings
Withdrawn status Lost status Source of classification or shelving scheme Damaged status Not for loan Home Library Current Location Shelving location Date acquired Full call number Accession Number Cost, replacement price Price effective from Koha item type
    Dewey Decimal Classification     Institute of Management Institute of Management General Stacks 07/07/2025 658.567Su BER/S IMK17664 2995.00 07/07/2025 Book